000 00590nam a2200133Ia 4500
008 170516s9999 xx 000 0 und d
245 4 _aThe Influence of Effective Energy on Computed Tomography Number Depends on Tissue Characteristics in Monoenergetic Cardiac Imaging, Satoshi Okayama, Tsunenari Soeda, Yasuhiro Takami, Rika Kawakami, Satoshi Somekawa, Shiro Uemura, and Yoshihiko Saito
260 _bRadiology Research and Practice
260 _c2012
300 _a:
650 _xRadiologic Technology
650 _xRadtech
856 _uhttps://www.hindawi.com/journals/rrp/contents/4/
999 _c332893
_d332893